|
|
|
|
| LEADER |
01570nam a2200337 a 4500 |
| 001 |
13567802 |
| 003 |
BD-DhAAL |
| 005 |
20250708124516.0 |
| 008 |
091112s2005 enka f b 001 0 eng d |
| 010 |
|
|
|a \\2004106249
|
| 020 |
|
|
|a 076194401X (hbk.)
|
| 020 |
|
|
|a 0761944028 (pbk.)
|
| 020 |
|
|
|a 8178294931 (India-pb)
|
| 020 |
|
|
|a 9788178294933 (India-pb)
|
| 040 |
|
|
|a UKM
|c UKM
|d CUY
|d C#P
|d DLC
|d BD-DhAAL
|
| 082 |
0 |
4 |
|a 300.72
|2 22
|
| 245 |
0 |
0 |
|a Research methods in the social sciences /
|c editors Bridget Somekh and Cathy Lewin.
|
| 260 |
|
|
|a London ;
|a Thousand Oaks, Calif. :
|b SAGE Publications ;
|a New Delhi :
|b Sage Publications
|c 2005.
|
| 300 |
|
|
|a xiv, 368 pages :
|b illustrations ;
|c 26 cm.
|
| 504 |
|
|
|a Includes bibliographical references and index.
|
| 526 |
|
|
|x Requisitioned by Faculties of BBS
Course name and no : N/A
|
| 541 |
1 |
|
|a Karim International
|e 00019565
|
| 650 |
|
0 |
|a Social sciences
|x Research.
|
| 650 |
|
0 |
|a Social sciences
|x Methodology.
|
| 700 |
1 |
|
|a Somekh, Bridget.
|9 55816
|
| 700 |
1 |
|
|a Lewin, Cathy.
|9 55817
|
| 852 |
4 |
|
|a Ayesha Abed Library
|j General shelf
|
| 942 |
|
|
|2 ddc
|c BK
|
| 999 |
|
|
|c 5490
|d 5490
|
| 952 |
|
|
|0 0
|1 0
|2 ddc
|4 0
|6 300_720000000000000_RES_2005
|7 0
|9 5362
|a BRACUL
|b BRACUL
|c GEN
|d 2009-11-15
|e Karim International
|g 534.00
|l 1
|o 300.72 RES
|p 3010019565
|r 2011-08-25
|s 2011-05-25
|t 1
|w 2009-11-15
|y BK
|x Requisitioned by Faculties of BBS. Course name and no. "not available".
|
| 952 |
|
|
|0 0
|1 0
|2 ddc
|4 0
|6 300_720000000000000_RES_2005
|7 0
|9 7131
|a BRACUL
|b BRACUL
|c GEN
|d 2010-01-12
|l 5
|m 15
|o 300.72 RES
|p 3010017369
|r 2019-01-07
|s 2018-01-10
|t 2
|w 2010-01-12
|y BK
|